| 000 | 01112cam a22002771a 4500 | ||
|---|---|---|---|
| 001 | e 41000273 | ||
| 003 | DLC | ||
| 005 | 20260227111230.0 | ||
| 008 | 880516s1941 dcu f000 0 eng c | ||
| 010 | _ae 41000273 | ||
| 035 | _a(OCoLC)17957016 | ||
| 040 |
_aU.S. Office of Education Library _cPClS _dDLC |
||
| 042 | _apremarc | ||
| 050 | 0 | 0 |
_aL111 _b.A6 1941, no. 4 |
| 051 |
_aLB1044 _b.B3 |
||
| 100 | 1 |
_aBathurst, Effie G. _q(Effie Geneva), _d1886- |
|
| 245 | 1 | 0 |
_aConservation films in elementary schools / _cby Effie G. Bathurst. |
| 260 |
_aWashington : _bU.S. Govt. Print. Off., _c1941. |
||
| 300 |
_avi, 38 p. : _bill. ; _c23 cm. |
||
| 490 | 1 |
_aBulletin / United States. Office of Education ; _v1941, no. 4 |
|
| 501 |
_aCopies 1 and 2 of L111.A6 with: Weekday classes in religious education / Mary Dabney Davis. Washington : U.S. Govt. Print. Off., 1941. Bound together subsequent to publication. _5DLC |
||
| 650 | 0 | _aMotion pictures in education. | |
| 650 | 0 |
_aMotion pictures _vCatalogs. |
|
| 650 | 0 | _aNatural resources. | |
| 830 | 0 |
_aBulletin (United States. Office of Education) ; _v1941, no. 4. |
|
| 999 |
_c21823 _d21823 |
||